Elements of Civil engineering and mechanics (Record no. 137086)

000 -LEADER
fixed length control field 00314nam a2200109Ia 4500
008 - FIXED-LENGTH DATA ELEMENTS--GENERAL INFORMATION
fixed length control field 220120s9999||||xx |||||||||||||| ||und||
100 ## - MAIN ENTRY--PERSONAL NAME
Personal name Kollapur, B.K
9 (RLIN) 11673
245 #0 - TITLE STATEMENT
Title Elements of Civil engineering and mechanics
260 ## - PUBLICATION, DISTRIBUTION, ETC.
Place of publication, distribution, etc. EBPB book promotors
Name of publisher, distributor, etc. Bangalooru
Date of publication, distribution, etc. 2011
300 ## - PHYSICAL DESCRIPTION
Other physical details 0
650 ## - SUBJECT ADDED ENTRY--TOPICAL TERM
Topical term or geographic name entry element ELECTRICAL SCIENCE
Holdings
Withdrawn status Lost status Damaged status Not for loan Collection code Home library Current library Date acquired Barcode Date last seen Price effective from Koha item type
        Civil Engineering Central Library Central Library 01/20/2022 GF945 01/20/2022 01/20/2022 Gift Books

Powered by Koha